Every CS:GO Major tournament winner - Statistics

General Stats
  • This quiz has been taken 89 times
    47 since last reset
  • The average score is 79 of 126
Answer Stats
Event cat answer % Correct
PGL Major Copenhagen 2024 | PGL Major Stockholm 2021 Team Natus Vincere
89%
ESL Major Series One Katowice 2014 Team Virtus.pro
89%
ELEAGUE Major Atlanta 2017 | FACEIT Major: London 2018 | Intel Extreme Masters XIII - Katowice Major 2019 | StarLadder Berlin Major 2019 Team Astralis
86%
DreamHack Winter 2013 | ESL One: Cologne 2015 | ESL One: Katowice 2015 Team Fnatic
86%
ESL One: Cologne 2014 Team Ninjas in Pyjamas
86%
PGL Major Stockholm 2021 Player s1mple
83%
BLAST.tv Paris Major 2023 Team Team Vitality
83%
ELEAGUE Major Atlanta 2017 | FACEIT Major: London 2018 | Intel Extreme Masters XIII - Katowice Major 2019 | StarLadder Berlin Major 2019 Player device
80%
BLAST.tv Paris Major 2023 | ELEAGUE Major Atlanta 2017 | FACEIT Major: London 2018 | +2 others Player dupreeh
80%
BLAST.tv Paris Major 2023 | FACEIT Major: London 2018 | Intel Extreme Masters XIII - Katowice Major 2019 | StarLadder Berlin Major 2019 Player Magisk
80%
ESL One: Cologne 2016 Team SK Gaming
80%
ELEAGUE Major Boston 2018 Team Cloud9
77%
PGL Major Antwerp 2022 Team Faze Clan
77%
BLAST.tv Paris Major 2023 Player ZywOo
77%
BLAST.tv Paris Major 2023 | DreamHack Open Cluj⁠-⁠Napoca 2015 Player apEX
74%
ELEAGUE Major Atlanta 2017 | FACEIT Major: London 2018 | Intel Extreme Masters XIII - Katowice Major 2019 | StarLadder Berlin Major 2019 Player gla1ve
74%
PGL Major Antwerp 2022 Player karrigan
74%
MLG Major Championship: Columbus 2016 Team Luminosity Gaming
74%
PGL Major Antwerp 2022 Player ropz
74%
PGL Major Kraków 2017 Team Gambit Esports
71%
Intel Extreme Masters Rio Major 2022 Team Outsiders
71%
ESL One: Cologne 2016 | MLG Major Championship: Columbus 2016 Player coldzera
69%
Perfect World Shanghai Major 2024 Player donk
69%
DreamHack Open Cluj⁠-⁠Napoca 2015 Player kennyS
69%
ESL Major Series One Katowice 2014 Player pashaBiceps
69%
PGL Major Copenhagen 2024 Player Aleksib
66%
PGL Major Antwerp 2022 Player broky
66%
PGL Major Stockholm 2021 Player electroNic
66%
DreamHack Winter 2013 | ESL One: Cologne 2015 | ESL One: Katowice 2015 Player flusha
66%
ESL One: Cologne 2014 Player GeT_RiGhT
66%
Intel Extreme Masters Rio Major 2022 Player Jame
66%
PGL Major Antwerp 2022 Player rain
66%
ESL Major Series One Katowice 2014 Player Snax
66%
DreamHack Winter 2014 Team Team LDLC.com
66%
Perfect World Shanghai Major 2024 Team Team Spirit
66%
ELEAGUE Major Atlanta 2017 | FACEIT Major: London 2018 | Intel Extreme Masters XIII - Katowice Major 2019 | StarLadder Berlin Major 2019 Player Xyp9x
66%
PGL Major Copenhagen 2024 | PGL Major Stockholm 2021 Player b1t
63%
ESL One: Cologne 2016 | MLG Major Championship: Columbus 2016 Player FalleN
63%
DreamHack Winter 2013 | ESL One: Cologne 2015 | ESL One: Katowice 2015 Player JW
63%
ESL Major Series One Katowice 2014 Player NEO
63%
BLAST.tv Paris Major 2023 Player Spinx
63%
PGL Major Antwerp 2022 Player Twistzz
63%
ESL One: Cologne 2014 Player f0rest
60%
PGL Major Copenhagen 2024 Player jL
60%
ELEAGUE Major Boston 2018 Player Stewie2K
60%
ESL Major Series One Katowice 2014 Player TaZ
60%
DreamHack Open Cluj⁠-⁠Napoca 2015 Team Team EnVyUs
60%
PGL Major Copenhagen 2024 Player w0nderful
60%
Perfect World Shanghai Major 2024 Player chopper
57%
PGL Major Copenhagen 2024 Player iM
57%
ELEAGUE Major Atlanta 2017 Player Kjaerbye
57%
Perfect World Shanghai Major 2024 Player magixx
57%
PGL Major Stockholm 2021 Player Perfecto
57%
ESL One: Cologne 2016 | MLG Major Championship: Columbus 2016 Player TACO
57%
PGL Major Stockholm 2021 Player Boombl4
54%
ESL One: Cologne 2016 | MLG Major Championship: Columbus 2016 Player fer
54%
ELEAGUE Major Boston 2018 Player tarik
54%
ESL Major Series One Katowice 2014 Player byali
51%
Intel Extreme Masters Rio Major 2022 Player fame
51%
DreamHack Open Cluj⁠-⁠Napoca 2015 | DreamHack Winter 2014 Player Happy
51%
PGL Major Kraków 2017 Player HObbit
51%
ESL One: Cologne 2015 | ESL One: Katowice 2015 Player olofmeister
51%
Perfect World Shanghai Major 2024 Player sh1ro
51%
DreamHack Winter 2014 Player shox
51%
ELEAGUE Major Boston 2018 Player Skadoodle
51%
Perfect World Shanghai Major 2024 Player zont1x
51%
PGL Major Kraków 2017 Player Dosia
49%
PGL Major Kraków 2017 Player Zeus
49%
PGL Major Kraków 2017 Player AdreN
46%
Intel Extreme Masters Rio Major 2022 Player FL1T
46%
ESL One: Cologne 2015 | ESL One: Katowice 2015 Player KRIMZ
46%
DreamHack Open Cluj⁠-⁠Napoca 2015 | DreamHack Winter 2014 Player NBK-
46%
ELEAGUE Major Boston 2018 Player autimatic
43%
ESL One: Cologne 2016 | MLG Major Championship: Columbus 2016 Player fnx
43%
ESL One: Cologne 2014 Player friberg
43%
DreamHack Open Cluj⁠-⁠Napoca 2015 | DreamHack Winter 2014 Player kioShiMa
43%
ESL One: Cologne 2014 Player Fifflaren
40%
ELEAGUE Major Boston 2018 Player RUSH
40%
PGL Major Kraków 2017 Player mou
37%
Intel Extreme Masters Rio Major 2022 Player n0rb3r7
34%
DreamHack Winter 2013 | ESL One: Cologne 2015 | ESL One: Katowice 2015 Player pronax
34%
Intel Extreme Masters Rio Major 2022 Player qikert
34%
DreamHack Winter 2013 Player Devilwalk
29%
DreamHack Winter 2014 Player SmithZz
29%
ESL One: Cologne 2014 Player Xizt
29%
DreamHack Winter 2013 Player schneider
23%
No matching quizzes found
Score Distribution
Percent of People with Each Score
Percentile by Number Answered
Your Score History
You have not taken this quiz since the last reset